| 000 | 00500nam a22001217a 4500 | ||
|---|---|---|---|
| 082 |
_aP - 467 _bPC - N. Naveed _cProject |
||
| 100 |
_aRepair/Rehabilitation of Concrete Structures Using Polymers _947531 |
||
| 245 |
_aRepair/Rehabilitation of Concrete Structures Using Polymers _cMuhammad Naveed, Muhammad Zubair Akram. |
||
| 300 | _aP 75. | ||
| 526 |
_a0 _b0 _c0 _dP_000000000000000__467_PC__N__ |
||
| 650 |
_aRepair/Rehabilitation of Concrete Structures Using Polymers _bProject _947532 |
||
| 942 |
_2ddc _cBK |
||
| 999 |
_c550752 _d550752 |
||